| 000 | 00982cam a2200325u 4500 | ||
|---|---|---|---|
| 001 | 7888582 | ||
| 003 | OSt | ||
| 005 | 20140310184505.0 | ||
| 008 | 821217s1949 nyua 000 0 eng | ||
| 010 | _a 49006831 | ||
| 040 |
_aDLC _cCarP _dDLC |
||
| 050 | 0 | 0 |
_aPZ 3 _b.B8555 1931 |
| 100 | 1 |
_aBuck, Pearl S. _q(Pearl Sydenstricker), _d1892-1973. _928908 |
|
| 245 | 1 | 4 |
_aThe good earth / _bPearl S. Buck |
| 250 | _aA school ed. | ||
| 260 |
_aNew York, _bScholastic Inc., _c1931. |
||
| 300 |
_ax, 325 p. _c21 cm. |
||
| 521 | _aG12 | ||
| 526 | _c1530 | ||
| 541 | _j2 | ||
| 650 | 0 |
_aFarmers' spouses _vFiction. _928909 |
|
| 650 | 0 |
_aMarried women _vFiction. _928910 |
|
| 650 | 0 |
_aFarm life _vFiction. _928911 |
|
| 651 | 0 |
_aChina _vFiction. _928912 |
|
| 655 | 7 |
_aDomestic fiction. _2lcsh _92796 |
|
| 700 | 1 |
_aGreene, Jay Elihu, _d1914- [from old catalog] _eed. _928913 |
|
| 906 |
_a0 _bcbc _cpremunv _du _encip _f19 _gy-gencatlg |
||
| 942 |
_2lcc _cBK-SCHOLAS |
||
| 999 |
_c34823 _d34823 |
||